[Event "DEM U16 2017"]
[Site "Willingen GER"]
[Date "2017.06.09"]
[Round "8"]
[White "Schmidek, Emil"]
[Black "Martin, Julian"]
[Result "1-0"]
[Termination "normal"]
[Board "4"]
[WhiteTitle "FM"]
[BlackTitle "FM"]
[WhiteElo "2424"]
[BlackElo "2348"]
[WhiteClock "00:18:16"]
[BlackClock "00:59:31"]
[PlyCount "103"]
[WhiteFideId "12908150"]
[BlackFideId "12941000"]
[EventCountry "GER"]
[EventRounds "9"]
[EventType "swiss"]
[EventDate "2017.06.03"]

1. e4 {[%clk 1:30:58]} 1... e6 {[%clk 1:30:57]} 2. d4 {[%clk 1:31:21]} 2... d5
{[%clk 1:31:21]} 3. Nc3 {[%clk 1:31:45]} 3... Bb4 {[%clk 1:31:48]} 4. e5 {
[%clk 1:32:05]} 4... c5 {[%clk 1:32:13]} 5. a3 {[%clk 1:32:23]} 5... Bxc3+ {
[%clk 1:32:38]} 6. bxc3 {[%clk 1:32:48]} 6... Qa5 {[%clk 1:33:04]} 7. Bd2 {
[%clk 1:33:10]} 7... Qa4 {[%clk 1:33:29]} 8. Qg4 {[%clk 1:33:31]} 8... Kf8 {
[%clk 1:33:53]} 9. Qd1 {[%clk 1:33:52]} 9... b6 {[%clk 1:34:17]} 10. dxc5 {
[%clk 1:28:57]} 10... bxc5 {[%clk 1:34:32]} 11. c4 {[%clk 1:28:54]} 11... Ba6 {
[%clk 1:30:26]} 12. c3 {[%clk 1:28:38]} 12... Qa5 {[%clk 1:11:01]} 13. Nf3 {
[%clk 1:16:27]} 13... Ne7 {[%clk 1:07:02]} 14. cxd5 {[%clk 1:06:00]} 14... Bxf1
{[%clk 1:06:51]} 15. Rxf1 {[%clk 1:04:36]} 15... exd5 {[%clk 1:06:47]} 16. c4 {
[%clk 0:57:45]} 16... Qd8 {[%clk 1:04:29]} 17. cxd5 {[%clk 0:50:29]} 17... Qxd5
{[%clk 1:01:37]} 18. Bg5 {[%clk 0:36:25]} 18... Nbc6 {[%clk 0:52:48]} 19. Qxd5
{[%clk 0:35:19]} 19... Nxd5 {[%clk 0:53:02]} 20. Rc1 {[%clk 0:35:02]} 20... Re8
{[%clk 0:50:44]} 21. Rxc5 {[%clk 0:28:57]} 21... Nxe5 {[%clk 0:51:02]} 22. Nxe5
{[%clk 0:27:17]} 22... Rxe5+ {[%clk 0:50:41]} 23. Kd2 {[%clk 0:27:37]} 23... f6
{[%clk 0:44:01]} 24. f4 {[%clk 0:25:01]} 24... Re6 {[%clk 0:40:05]} 25. Rxd5 {
[%clk 0:22:13]} 25... fxg5 {[%clk 0:40:31]} 26. Rb1 {[%clk 0:20:48]} 26... Kf7
{[%clk 0:39:43]} 27. Rb7+ {[%clk 0:20:25]} 27... Kf6 {[%clk 0:38:28]} 28. fxg5+
{[%clk 0:13:13]} 28... Kg6 {[%clk 0:38:53]} 29. Rdd7 {[%clk 0:10:08]} 29...
Rhe8 {[%clk 0:37:31]} 30. Rxg7+ {[%clk 0:10:07]} 30... Kh5 {[%clk 0:37:48]} 31.
Rxh7+ {[%clk 0:10:09]} 31... Kxg5 {[%clk 0:38:13]} 32. h4+ {[%clk 0:08:45]}
32... Kf4 {[%clk 0:38:37]} 33. Rb4+ {[%clk 0:07:19]} 33... Kg3 {[%clk 0:38:32]}
34. Rg7+ {[%clk 0:07:30]} 34... Kf2 {[%clk 0:38:51]} 35. Rf4+ {[%clk 0:07:20]}
35... Kg1 {[%clk 0:38:59]} 36. Rf3 {[%clk 0:06:17]} 36... Re2+ {[%clk 0:39:01]}
37. Kd3 {[%clk 0:05:49]} 37... R2e4 {[%clk 0:34:45]} 38. h5 {[%clk 0:04:14]}
38... Rh4 {[%clk 0:34:44]} 39. g4 {[%clk 0:03:52]} 39... Re5 {[%clk 0:34:46]}
40. a4 {[%clk 0:01:05]} 40... Ra5 {[%clk 0:35:00]} 41. Rf4 {[%clk 0:29:38]}
41... Rh3+ {[%clk 1:05:02]} 42. Ke4 {[%clk 0:26:32]} 42... Ra3 {[%clk 1:04:55]}
43. Rf5 {[%clk 0:26:50]} 43... R3xa4+ {[%clk 1:05:00]} 44. Kf3 {[%clk 0:27:12]}
44... Ra6 {[%clk 1:04:45]} 45. Kg3 {[%clk 0:27:31]} 45... Rd6 {[%clk 1:03:12]}
46. Rgf7 {[%clk 0:27:29]} 46... Ra3+ {[%clk 1:03:22]} 47. Rf3 {[%clk 0:26:49]}
47... Ra1 {[%clk 1:03:50]} 48. g5 {[%clk 0:22:39]} 48... Rd2 {[%clk 1:04:07]}
49. Kg4 {[%clk 0:19:59]} 49... Ra4+ {[%clk 0:59:37]} 50. R7f4 {[%clk 0:19:58]}
50... Ra5 {[%clk 0:59:58]} 51. Rf1+ {[%clk 0:17:59]} 51... Kg2 {[%clk 0:59:31]}
52. h6 {[%clk 0:18:16]} 1-0

[Event "DEM U16 2017"]
[Site "Willingen GER"]
[Date "2017.06.09"]
[Round "8"]
[White "Zienert, Richard"]
[Black "Junker, Magnus"]
[Result "1-0"]
[Termination "normal"]
[Board "5"]
[WhiteElo "2261"]
[BlackElo "1983"]
[WhiteClock "01:29:21"]
[BlackClock "00:57:03"]
[PlyCount "36"]
[WhiteFideId "12945986"]
[BlackFideId "16218507"]
[EventCountry "GER"]
[EventRounds "9"]
[EventType "swiss"]
[EventDate "2017.06.03"]

1. e4 {[%clk 1:30:58]} 1... c5 {[%clk 1:30:54]} 2. Nf3 {[%clk 1:31:23]} 2... d6
{[%clk 1:31:20]} 3. d4 {[%clk 1:31:47]} 3... cxd4 {[%clk 1:31:46]} 4. Nxd4 {
[%clk 1:32:14]} 4... Nf6 {[%clk 1:32:08]} 5. Nc3 {[%clk 1:32:41]} 5... a6 {
[%clk 1:32:31]} 6. Bg5 {[%clk 1:32:56]} 6... e6 {[%clk 1:32:54]} 7. f4 { [%clk
1:33:19]} 7... Be7 {[%clk 1:33:18]} 8. Qf3 {[%clk 1:33:44]} 8... h6 { [%clk
1:33:42]} 9. Bh4 {[%clk 1:32:20]} 9... Qc7 {[%clk 1:33:42]} 10. O-O-O { [%clk
1:32:08]} 10... Nbd7 {[%clk 1:34:04]} 11. Be2 {[%clk 1:32:08]} 11... b5 { [%clk
1:33:04]} 12. Bxf6 {[%clk 1:32:14]} 12... Nxf6 {[%clk 1:32:14]} 13. e5 { [%clk
1:32:37]} 13... Bb7 {[%clk 1:32:02]} 14. Qg3 {[%clk 1:33:02]} 14... dxe5 {[%clk
1:25:32]} 15. fxe5 {[%clk 1:32:52]} 15... Ne4 {[%clk 1:25:52]} 16. Nxe6 {[%clk
1:30:32]} 16... Bg5+ {[%clk 1:20:11]} 17. Qxg5 {[%clk 1:30:16]} 17... Qb6
{[%clk 1:02:05]} 18. Qxg7 {[%clk 1:29:21]} 18... Rg8 {[%clk 0:57:03]} 1-0

[Event "DEM U16 2017"]
[Site "Willingen GER"]
[Date "2017.06.09"]
[Round "8"]
[White "Poghosyan, Tigran"]
[Black "Fieberg, Samuel"]
[Result "1-0"]
[Termination "normal"]
[Board "6"]
[WhiteElo "2207"]
[BlackElo "2221"]
[WhiteClock "00:02:11"]
[BlackClock "00:00:51"]
[PlyCount "123"]
[WhiteFideId "12909319"]
[BlackFideId "12901717"]
[EventCountry "GER"]
[EventRounds "9"]
[EventType "swiss"]
[EventDate "2017.06.03"]

1. d4 {[%clk 1:30:58]} 1... d5 {[%clk 1:30:55]} 2. Nc3 {[%clk 1:31:19]} 2...
Nf6 {[%clk 1:31:19]} 3. Bg5 {[%clk 1:31:39]} 3... Nbd7 {[%clk 1:31:43]} 4. Qd3
{[%clk 1:31:43]} 4... e6 {[%clk 1:25:31]} 5. e4 {[%clk 1:28:42]} 5... dxe4 {
[%clk 1:24:45]} 6. Nxe4 {[%clk 1:28:58]} 6... Be7 {[%clk 1:24:47]} 7. Nxf6+ {
[%clk 1:23:44]} 7... Nxf6 {[%clk 1:24:34]} 8. Nf3 {[%clk 1:24:01]} 8... O-O {
[%clk 1:24:05]} 9. Be2 {[%clk 1:23:57]} 9... b6 {[%clk 1:21:03]} 10. O-O {
[%clk 1:19:47]} 10... Bb7 {[%clk 1:20:21]} 11. c4 {[%clk 1:10:24]} 11... Qe8 {
[%clk 1:09:52]} 12. Ne5 {[%clk 0:59:06]} 12... Nd7 {[%clk 0:49:47]} 13. Bxe7 {
[%clk 0:46:18]} 13... Qxe7 {[%clk 0:50:08]} 14. Nxd7 {[%clk 0:45:26]} 14...
Qxd7 {[%clk 0:50:30]} 15. Rfd1 {[%clk 0:45:33]} 15... Rfd8 {[%clk 0:48:56]} 16.
Qe3 {[%clk 0:43:56]} 16... Qd6 {[%clk 0:47:10]} 17. a3 {[%clk 0:40:52]} 17...
Qf8 {[%clk 0:43:05]} 18. b4 {[%clk 0:38:47]} 18... g6 {[%clk 0:37:07]} 19. c5 {
[%clk 0:33:52]} 19... Bd5 {[%clk 0:35:38]} 20. b5 {[%clk 0:33:12]} 20... c6 {
[%clk 0:29:08]} 21. a4 {[%clk 0:33:21]} 21... Rdc8 {[%clk 0:24:27]} 22. Rdc1 {
[%clk 0:32:19]} 22... Rab8 {[%clk 0:24:08]} 23. Rc3 {[%clk 0:22:36]} 23... Rc7
{[%clk 0:17:53]} 24. Rac1 {[%clk 0:22:18]} 24... Rbc8 {[%clk 0:17:13]} 25. h3 {
[%clk 0:16:10]} 25... Qe7 {[%clk 0:15:14]} 26. R3c2 {[%clk 0:13:03]} 26... f6 {
[%clk 0:09:55]} 27. Rc3 {[%clk 0:11:40]} 27... Kg7 {[%clk 0:09:35]} 28. h4 {
[%clk 0:10:53]} 28... h6 {[%clk 0:06:07]} 29. R1c2 {[%clk 0:06:39]} 29... f5 {
[%clk 0:03:35]} 30. h5 {[%clk 0:06:22]} 30... g5 {[%clk 0:03:23]} 31. bxc6 {
[%clk 0:02:39]} 31... Rxc6 {[%clk 0:02:33]} 32. Bc4 {[%clk 0:01:56]} 32... Bxc4
{[%clk 0:01:42]} 33. Rxc4 {[%clk 0:02:25]} 33... bxc5 {[%clk 0:02:03]} 34. d5 {
[%clk 0:01:26]} 34... Rb6 {[%clk 0:01:30]} 35. Rxc5 {[%clk 0:01:04]} 35... Rxc5
{[%clk 0:01:39]} 36. Rxc5 {[%clk 0:01:33]} 36... Rb1+ {[%clk 0:01:35]} 37. Kh2
{[%clk 0:02:02]} 37... Qd6+ {[%clk 0:01:48]} 38. g3 {[%clk 0:02:27]} 38... e5 {
[%clk 0:01:18]} 39. Qc3 {[%clk 0:01:05]} 39... Rb7 {[%clk 0:01:33]} 40. a5 {
[%clk 0:00:46]} 40... Rd7 {[%clk 0:01:09]} 41. a6 {[%clk 0:28:44]} 41... f4 {
[%clk 0:21:46]} 42. gxf4 {[%clk 0:16:31]} 42... gxf4 {[%clk 0:19:39]} 43. Kg2 {
[%clk 0:15:13]} 43... Rf7 {[%clk 0:17:29]} 44. Kf3 {[%clk 0:14:58]} 44... Re7 {
[%clk 0:13:56]} 45. Ra5 {[%clk 0:11:33]} 45... Qf6 {[%clk 0:10:44]} 46. Ke4 {
[%clk 0:09:40]} 46... Rf7 {[%clk 0:09:14]} 47. Qh3 {[%clk 0:10:05]} 47... Qb6 {
[%clk 0:08:11]} 48. Qg4+ {[%clk 0:09:44]} 48... Kf8 {[%clk 0:07:15]} 49. Qc8+ {
[%clk 0:09:46]} 49... Kg7 {[%clk 0:07:40]} 50. Rc5 {[%clk 0:07:09]} 50... Qb1+
{[%clk 0:07:15]} 51. Kf3 {[%clk 0:01:39]} 51... Qd1+ {[%clk 0:04:46]} 52. Kg2 {
[%clk 0:02:04]} 52... f3+ {[%clk 0:04:13]} 53. Kh2 {[%clk 0:02:30]} 53... Qd4 {
[%clk 0:04:32]} 54. Kh3 {[%clk 0:02:25]} 54... Qd3 {[%clk 0:01:51]} 55. Qg4+ {
[%clk 0:01:08]} 55... Kh7 {[%clk 0:02:14]} 56. Rc1 {[%clk 0:00:56]} 56... Rg7 {
[%clk 0:02:15]} 57. Qe6 {[%clk 0:00:47]} 57... Qe4 {[%clk 0:01:48]} 58. d6 {
[%clk 0:00:55]} 58... Qf4 {[%clk 0:01:08]} 59. Rc7 {[%clk 0:00:56]} 59... Qg5 {
[%clk 0:00:34]} 60. Qg6+ {[%clk 0:01:14]} 60... Qxg6 {[%clk 0:00:36]} 61. hxg6+
{[%clk 0:01:43]} 61... Kxg6 {[%clk 0:00:51]} 62. Rxg7+ {[%clk 0:02:11]} 1-0

[Event "DEM U16 2017"]
[Site "Willingen GER"]
[Date "2017.06.09"]
[Round "8"]
[White "Degenhard, Simon"]
[Black "Muckle, Julius"]
[Result "1-0"]
[Termination "normal"]
[Board "7"]
[WhiteElo "2151"]
[BlackElo "2303"]
[WhiteClock "00:35:09"]
[BlackClock "00:30:19"]
[PlyCount "95"]
[WhiteFideId "12944017"]
[BlackFideId "12942430"]
[EventCountry "GER"]
[EventRounds "9"]
[EventType "swiss"]
[EventDate "2017.06.03"]

1. d4 {[%clk 1:30:58]} 1... d5 {[%clk 1:31:00]} 2. c4 {[%clk 1:31:17]} 2... c6
{[%clk 1:30:11]} 3. cxd5 {[%clk 1:31:35]} 3... cxd5 {[%clk 1:30:35]} 4. Nc3 {
[%clk 1:31:59]} 4... Nf6 {[%clk 1:30:43]} 5. Bf4 {[%clk 1:32:11]} 5... Nc6 {
[%clk 1:30:28]} 6. e3 {[%clk 1:32:01]} 6... a6 {[%clk 1:30:53]} 7. Bd3 { [%clk
1:32:21]} 7... Bg4 {[%clk 1:27:11]} 8. Nge2 {[%clk 1:31:42]} 8... e6 { [%clk
1:24:59]} 9. O-O {[%clk 1:31:20]} 9... Bd6 {[%clk 1:22:26]} 10. f3 { [%clk
1:29:22]} 10... Bh5 {[%clk 1:19:10]} 11. Rc1 {[%clk 1:21:48]} 11... O-O { [%clk
1:17:17]} 12. Na4 {[%clk 1:15:35]} 12... e5 {[%clk 1:14:52]} 13. dxe5 { [%clk
1:05:36]} 13... Nxe5 {[%clk 1:14:56]} 14. Bb1 {[%clk 0:56:29]} 14... b5 { [%clk
1:00:46]} 15. Nac3 {[%clk 0:47:24]} 15... Nc4 {[%clk 0:46:40]} 16. Nxd5 { [%clk
0:35:40]} 16... Nxd5 {[%clk 0:21:54]} 17. Qxd5 {[%clk 0:35:41]} 17... Bxf4
{[%clk 0:22:16]} 18. Nxf4 {[%clk 0:34:53]} 18... Bg6 {[%clk 0:22:14]} 19. Bxg6
{[%clk 0:23:13]} 19... hxg6 {[%clk 0:22:34]} 20. Nxg6 {[%clk 0:21:54]} 20...
Re8 {[%clk 0:19:18]} 21. Nf4 {[%clk 0:20:32]} 21... Qe7 {[%clk 0:12:13]} 22.
Qd4 {[%clk 0:16:04]} 22... Rad8 {[%clk 0:10:22]} 23. Nd5 {[%clk 0:15:46]} 23...
Qxe3+ {[%clk 0:06:36]} 24. Nxe3 {[%clk 0:12:59]} 24... Rxd4 { [%clk 0:07:02]}
25. Nxc4 {[%clk 0:13:15]} 25... bxc4 {[%clk 0:05:58]} 26. Rf2 { [%clk 0:12:35]}
26... Red8 {[%clk 0:05:27]} 27. Rfc2 {[%clk 0:12:32]} 27... Rd2 {[%clk
0:05:26]} 28. a3 {[%clk 0:12:32]} 28... c3 {[%clk 0:00:34]} 29. Rxd2 { [%clk
0:10:04]} 29... cxd2 {[%clk 0:00:33]} 30. Rd1 {[%clk 0:10:27]} 30... Rd6 {[%clk
0:00:34]} 31. Kf2 {[%clk 0:10:27]} 31... f5 {[%clk 0:00:39]} 32. Ke2 { [%clk
0:10:13]} 32... Rg6 {[%clk 0:00:49]} 33. Kf2 {[%clk 0:09:01]} 33... Rd6 { [%clk
0:01:06]} 34. Ke3 {[%clk 0:09:23]} 34... Rg6 {[%clk 0:00:34]} 35. Rxd2 { [%clk
0:09:45]} 35... Rh6 {[%clk 0:00:49]} 36. h3 {[%clk 0:09:43]} 36... g5 { [%clk
0:00:35]} 37. Rd5 {[%clk 0:08:31]} 37... Rf6 {[%clk 0:00:34]} 38. f4 { [%clk
0:07:43]} 38... Re6+ {[%clk 0:00:31]} 39. Re5 {[%clk 0:06:35]} 39... gxf4+
{[%clk 0:00:42]} 40. Kxf4 {[%clk 0:07:00]} 40... Rc6 {[%clk 0:00:38]} 41. Rxf5
{[%clk 0:05:26]} 41... Rc2 {[%clk 0:01:07]} 42. Rg5+ {[%clk 0:05:44]} 42... Kf7
{[%clk 0:01:23]} 43. b4 {[%clk 0:05:11]} 43... Ra2 {[%clk 0:01:39]} 44. Ra5
{[%clk 0:05:23]} 44... Rxg2 {[%clk 0:29:19]} 45. Rxa6 {[%clk 0:35:39]} 45...
Rh2 {[%clk 0:29:34]} 46. Kg3 {[%clk 0:35:52]} 46... Rb2 {[%clk 0:29:59]} 47. h4
{[%clk 0:34:50]} 47... Rb1 {[%clk 0:30:19]} 48. h5 {[%clk 0:35:09]} 1-0

[Event "DEM U16 2017"]
[Site "Willingen GER"]
[Date "2017.06.09"]
[Round "8"]
[White "Roseneck, Jonas"]
[Black "Stein, Robert"]
[Result "0-1"]
[Termination "normal"]
[Board "8"]
[WhiteElo "2173"]
[BlackElo "2169"]
[WhiteClock "00:38:50"]
[BlackClock "00:38:46"]
[PlyCount "46"]
[WhiteFideId "12939870"]
[BlackFideId "12921084"]
[EventCountry "GER"]
[EventRounds "9"]
[EventType "swiss"]
[EventDate "2017.06.03"]

1. e4 {[%clk 1:30:57]} 1... c6 {[%clk 1:30:49]} 2. d4 {[%clk 1:31:23]} 2... d5
{[%clk 1:31:13]} 3. Nd2 {[%clk 1:31:43]} 3... dxe4 {[%clk 1:31:33]} 4. Nxe4 {
[%clk 1:32:09]} 4... Bf5 {[%clk 1:31:55]} 5. Ng3 {[%clk 1:32:36]} 5... Bg6 {
[%clk 1:32:18]} 6. h4 {[%clk 1:33:03]} 6... h6 {[%clk 1:32:41]} 7. Nf3 { [%clk
1:33:28]} 7... e6 {[%clk 1:33:07]} 8. Ne5 {[%clk 1:30:25]} 8... Bh7 { [%clk
1:33:30]} 9. Bd3 {[%clk 1:30:52]} 9... Bxd3 {[%clk 1:33:46]} 10. Qxd3 { [%clk
1:31:20]} 10... Nd7 {[%clk 1:32:23]} 11. f4 {[%clk 1:31:22]} 11... Be7 { [%clk
1:29:48]} 12. Bd2 {[%clk 1:30:39]} 12... Nxe5 {[%clk 1:28:48]} 13. fxe5 { [%clk
1:30:31]} 13... Bxh4 {[%clk 1:28:53]} 14. O-O-O {[%clk 1:29:58]} 14... Bxg3
{[%clk 1:28:45]} 15. Qxg3 {[%clk 1:30:19]} 15... Ne7 {[%clk 1:28:39]} 16. Qxg7
{[%clk 1:23:21]} 16... Rg8 {[%clk 1:28:57]} 17. Qh7 {[%clk 1:17:21]} 17... Qd5
{[%clk 1:06:26]} 18. Kb1 {[%clk 1:00:49]} 18... Qxg2 {[%clk 0:58:39]} 19. Rxh6
{[%clk 0:43:33]} 19... Qxd2 {[%clk 0:46:21]} 20. Rf1 {[%clk 0:42:06]} 20...
O-O-O {[%clk 0:45:07]} 21. Rhh1 {[%clk 0:41:20]} 21... Qxd4 { [%clk 0:38:34]}
22. Qxf7 {[%clk 0:41:21]} 22... Qd7 {[%clk 0:38:46]} 23. a3 { [%clk 0:38:50]}
23... Nf5 0-1

[Event "DEM U16 2017"]
[Site "Willingen GER"]
[Date "2017.06.09"]
[Round "8"]
[White "Kuznecovs, Nikita"]
[Black "Wendler, David"]
[Result "1/2-1/2"]
[Termination "normal"]
[Board "9"]
[WhiteElo "2030"]
[BlackElo "2022"]
[WhiteClock "00:18:44"]
[BlackClock "00:04:45"]
[PlyCount "72"]
[WhiteFideId "11604557"]
[BlackFideId "12938360"]
[EventCountry "GER"]
[EventRounds "9"]
[EventType "swiss"]
[EventDate "2017.06.03"]

1. Nf3 {[%clk 1:30:05]} 1... c5 {[%clk 1:30:08]} 2. b3 {[%clk 1:30:28]} 2...
Nc6 {[%clk 1:27:59]} 3. Bb2 {[%clk 1:30:50]} 3... Nf6 {[%clk 1:21:14]} 4. e3 {
[%clk 1:30:18]} 4... e6 {[%clk 1:18:17]} 5. c4 {[%clk 1:30:26]} 5... g6 { [%clk
1:12:36]} 6. Be2 {[%clk 1:30:44]} 6... Bg7 {[%clk 1:12:40]} 7. O-O { [%clk
1:31:01]} 7... O-O {[%clk 1:12:37]} 8. Nc3 {[%clk 1:29:22]} 8... b6 { [%clk
1:06:26]} 9. d4 {[%clk 1:23:37]} 9... cxd4 {[%clk 1:04:57]} 10. exd4 { [%clk
1:23:35]} 10... d5 {[%clk 1:05:02]} 11. Ne5 {[%clk 1:19:15]} 11... Bb7 { [%clk
1:02:20]} 12. Bf3 {[%clk 1:05:17]} 12... Ne4 {[%clk 0:55:36]} 13. cxd5 { [%clk
0:59:33]} 13... exd5 {[%clk 0:53:34]} 14. Nxc6 {[%clk 0:57:07]} 14... Bxc6
{[%clk 0:53:24]} 15. Rc1 {[%clk 0:56:22]} 15... Qd7 {[%clk 0:41:57]} 16. Re1
{[%clk 0:53:13]} 16... Rfe8 {[%clk 0:40:51]} 17. h4 {[%clk 0:44:57]} 17... f5
{[%clk 0:38:00]} 18. Rc2 {[%clk 0:42:28]} 18... Rac8 {[%clk 0:34:31]} 19. a4
{[%clk 0:40:41]} 19... Qe7 {[%clk 0:29:54]} 20. g3 {[%clk 0:39:20]} 20... Qb4 {
[%clk 0:24:41]} 21. Qc1 {[%clk 0:34:49]} 21... Nxc3 {[%clk 0:18:31]} 22. Rxc3 {
[%clk 0:30:32]} 22... Rxe1+ {[%clk 0:16:58]} 23. Qxe1 {[%clk 0:31:00]} 23...
Re8 {[%clk 0:17:14]} 24. Bxd5+ {[%clk 0:26:06]} 24... Kh8 {[%clk 0:17:31]} 25.
Qxe8+ {[%clk 0:26:29]} 25... Bxe8 {[%clk 0:17:53]} 26. Rc8 {[%clk 0:26:47]}
26... Bxd4 {[%clk 0:14:36]} 27. Rxe8+ {[%clk 0:27:07]} 27... Kg7 { [%clk
0:15:01]} 28. Bxd4+ {[%clk 0:16:14]} 28... Qxd4 {[%clk 0:15:24]} 29. Bc4 {[%clk
0:16:34]} 29... Qd6 {[%clk 0:10:36]} 30. Re6 {[%clk 0:16:47]} 30... Qd7 {[%clk
0:10:31]} 31. Kg2 {[%clk 0:17:09]} 31... Qb7+ {[%clk 0:10:12]} 32. Kg1 { [%clk
0:17:36]} 32... a6 {[%clk 0:09:51]} 33. Re5 {[%clk 0:17:48]} 33... h6 { [%clk
0:08:59]} 34. Rd5 {[%clk 0:18:08]} 34... Qc8 {[%clk 0:04:49]} 35. Rd6 { [%clk
0:18:16]} 35... Qc7 {[%clk 0:05:03]} 36. Rd5 {[%clk 0:18:44]} 36... a5 { [%clk
0:04:45]} 1/2-1/2

[Event "DEM U16 2017"]
[Site "Willingen GER"]
[Date "2017.06.09"]
[Round "8"]
[White "Savchenko, Daniel"]
[Black "Heldt, Nils-Lennart"]
[Result "1-0"]
[Termination "normal"]
[Board "10"]
[WhiteElo "2037"]
[BlackElo "2135"]
[WhiteClock "00:43:44"]
[BlackClock "00:36:55"]
[PlyCount "36"]
[WhiteFideId "12919195"]
[BlackFideId "12952109"]
[EventCountry "GER"]
[EventRounds "9"]
[EventType "swiss"]
[EventDate "2017.06.03"]

1. e4 {[%clk 1:30:57]} 1... e5 {[%clk 1:30:51]} 2. Nf3 {[%clk 1:31:22]} 2...
Nc6 {[%clk 1:31:15]} 3. Bb5 {[%clk 1:31:46]} 3... f5 {[%clk 1:31:39]} 4. d3 {
[%clk 1:31:20]} 4... fxe4 {[%clk 1:31:55]} 5. dxe4 {[%clk 1:31:43]} 5... Nf6 {
[%clk 1:32:20]} 6. Nc3 {[%clk 1:26:03]} 6... Bb4 {[%clk 1:23:03]} 7. Qd3 {
[%clk 1:26:11]} 7... Bxc3+ {[%clk 1:22:01]} 8. Qxc3 {[%clk 1:24:13]} 8... Nxe4
{[%clk 1:20:57]} 9. Qe3 {[%clk 1:23:33]} 9... d5 {[%clk 1:17:08]} 10. Nxe5 {
[%clk 1:14:15]} 10... O-O {[%clk 1:14:48]} 11. Nxc6 {[%clk 1:08:51]} 11... bxc6
{[%clk 1:07:35]} 12. Bxc6 {[%clk 1:08:50]} 12... Rb8 {[%clk 0:56:44]} 13. Qd4 {
[%clk 1:00:24]} 13... Kh8 {[%clk 0:51:09]} 14. Be3 {[%clk 0:52:34]} 14... Qd6 {
[%clk 0:40:57]} 15. Bxd5 {[%clk 0:47:01]} 15... Rb4 {[%clk 0:40:51]} 16. c4 {
[%clk 0:45:25]} 16... c6 {[%clk 0:38:21]} 17. Qxe4 {[%clk 0:43:24]} 17... cxd5
{[%clk 0:37:50]} 18. Qxd5 {[%clk 0:43:44]} 18... Qg6 {[%clk 0:36:55]} 1-0

[Event "DEM U16 2017"]
[Site "Willingen GER"]
[Date "2017.06.09"]
[Round "8"]
[White "Keyser, Robin"]
[Black "Goldbeck, Lars"]
[Result "0-1"]
[Termination "normal"]
[Board "11"]
[WhiteElo "1883"]
[BlackElo "2197"]
[WhiteClock "00:27:28"]
[BlackClock "00:29:57"]
[PlyCount "74"]
[WhiteFideId "12986429"]
[BlackFideId "16208188"]
[EventCountry "GER"]
[EventRounds "9"]
[EventType "swiss"]
[EventDate "2017.06.03"]

1. d4 {[%clk 1:30:58]} 1... Nf6 {[%clk 1:30:13]} 2. Nf3 {[%clk 1:30:56]} 2...
d5 {[%clk 1:30:31]} 3. c4 {[%clk 1:31:17]} 3... e6 {[%clk 1:30:55]} 4. g3 {
[%clk 1:30:14]} 4... Bb4+ {[%clk 1:31:08]} 5. Bd2 {[%clk 1:30:33]} 5... Bd6 {
[%clk 1:31:09]} 6. Bg2 {[%clk 1:29:58]} 6... O-O {[%clk 1:31:30]} 7. O-O {
[%clk 1:28:55]} 7... c6 {[%clk 1:31:56]} 8. Qc2 {[%clk 1:27:26]} 8... Nbd7 {
[%clk 1:32:15]} 9. Bf4 {[%clk 1:23:41]} 9... Bxf4 {[%clk 1:29:43]} 10. gxf4 {
[%clk 1:24:00]} 10... b6 {[%clk 1:29:00]} 11. Nc3 {[%clk 1:17:00]} 11... Bb7 {
[%clk 1:26:22]} 12. Rac1 {[%clk 1:14:46]} 12... Rc8 {[%clk 1:22:39]} 13. cxd5 {
[%clk 1:12:40]} 13... exd5 {[%clk 1:19:50]} 14. Rfd1 {[%clk 1:08:14]} 14... Re8
{[%clk 1:18:11]} 15. e3 {[%clk 1:06:13]} 15... c5 {[%clk 1:07:38]} 16. Qb1 {
[%clk 0:56:45]} 16... a6 {[%clk 1:04:01]} 17. b3 {[%clk 0:48:22]} 17... Qe7 {
[%clk 0:59:31]} 18. Ne2 {[%clk 0:42:55]} 18... Ne4 {[%clk 0:51:03]} 19. Ng3 {
[%clk 0:40:51]} 19... Nd6 {[%clk 0:48:20]} 20. Ne5 {[%clk 0:38:26]} 20... cxd4
{[%clk 0:44:02]} 21. Rxc8 {[%clk 0:37:17]} 21... Rxc8 {[%clk 0:39:45]} 22. Bh3
{[%clk 0:35:40]} 22... f5 {[%clk 0:37:18]} 23. Nxf5 {[%clk 0:35:19]} 23... Nxf5
{[%clk 0:37:47]} 24. Bxf5 {[%clk 0:35:20]} 24... Nxe5 {[%clk 0:37:52]} 25. Bxc8
{[%clk 0:34:22]} 25... Nf3+ {[%clk 0:38:20]} 26. Kg2 {[%clk 0:34:03]} 26...
Nh4+ {[%clk 0:37:31]} 27. Kf1 {[%clk 0:33:55]} 27... Bxc8 {[%clk 0:37:47]} 28.
Rxd4 {[%clk 0:34:11]} 28... Bh3+ {[%clk 0:38:06]} 29. Ke2 {[%clk 0:34:28]}
29... Bg4+ {[%clk 0:38:10]} 30. Kf1 {[%clk 0:34:36]} 30... Bf3 {[%clk 0:36:47]}
31. Qc2 {[%clk 0:34:45]} 31... Qd7 {[%clk 0:36:36]} 32. Ke1 {[%clk 0:28:31]}
32... Nf5 {[%clk 0:32:38]} 33. Rd2 {[%clk 0:28:34]} 33... Nd6 {[%clk 0:32:22]}
34. Qd3 {[%clk 0:28:35]} 34... b5 {[%clk 0:30:44]} 35. a4 {[%clk 0:27:54]}
35... bxa4 {[%clk 0:29:39]} 36. Qxa6 {[%clk 0:27:31]} 36... axb3 { [%clk
0:29:50]} 37. Qa8+ {[%clk 0:27:28]} 37... Kf7 {[%clk 0:29:57]} 0-1